000 04126nab a22007217 4500
003 AR-RoUNA
022 _a0327-9022
040 _aAR-RoUNA
_bspa
041 _aspa
044 _aag
245 _aSumma+
260 _aBuenos Aires (Argentina):
_cDonn SA,
_b1993.
300 _a192 p. :
_bil. byn.
_bplanos
_c34X25 cm.
505 0 _tINDICE
505 0 _tARQUITECTURA Y MEMORIA - SAN VICENTE
505 0 _aEduardo Maestripieri / Espacio, Lugar y Moumento. p. 74
505 0 _aLGR - Gabriel Lanosa, Josu González Rui, Javier Fernández Castro, AFRA, Saturnino Armendares, Pablo Ferreiro Fernández Prieto y asociados. / Parque de homenaje, Mausoleo Juan y Eva Perón, San Vicente, Buenos Aires. p. 82
505 0 _aLiliana Bonvecchi / Materia Infranqueable, Berlín. p. 88
505 0 _aPeter Eisenman, Eisenman architects / Memorial a los Judíos europeos asesinados, Berlín, 2005. p. 88
505 0 _aPablo Sztulwark / CIUDAD MEMORIA. Monumento, lugar y situación urbana. p. 94
505 0 _aDaniel Libeskind / Museo Judío de Berlín, 2001. p. 95
505 0 _aPlaza de las Almas, París, Francia, 1999. p. 96
505 0 _tPAMPULLA - OSCAR NIEMEYER
505 0 _aCarlos Eduardo Comas / Pampulla y la arquitectura moderna brasileña. p. 98
505 0 _aOscar Niemeyer / Patrimonio de un Brasil moderno. Iglesia de Pampulla. (restauraciòn) p. 108
505 0 _aProyectos, Asesores, Proyecto Original (1943-1944). p.113
505 0 _aMarcelo Faiden / Los bajos de los edificios altos. Un itinerario construido con cuatro visitas puntuales. p.114
505 0 _tESPÍRITU DEL LUGAR
505 0 _aMariani-Pérez Maraviglia arqs / Iglesia San Benedetto Martire y Jesús Niño, Mar del Plata, pcia. Buenos Aires, 2000. p.118
505 0 _tMEDITACION SOBRE EL LAGO / BRASIL
505 0 _aMCA Manoel Coelho arquitectura & desing / Templo de La Paz, Campus Unicenp, Centro Universitario Positivo, Curitiba, Brasil. p.122
505 0 _tSIMBOLISMO EN EL PAISAJE - FINLANDIA
505 0 _aSanaksenaho architects LTD., Matti Sanaksenaho / Capilla Ecuménica y de arte Saint Henry, Finlandia, 2005. p.126
505 0 _aMax Zolkwer / La extorsión como estrategia.Entrevista a Winy Maas de MVRDV. p.134
505 0 _aMVRDV, Rotterdam With Super-OS Tokio / Matsudai Centro Cultural, Matsudai, Niigata, Japón, 2003. p. 138
505 0 _aMVRDV - Blanca Lleó / Edificio Mirador (Sanchinarro VII), Sanhinarro, Madrid, España. p.144
505 0 _aMaria Marta Iulita y Martha Magis / Fería de Milán. Milán de fiesta: el diseño a escena. p.152
505 0 _aMarc Angélil / Oruga: ensamble de fragmentos. p. 162
505 0 _aAGPS Architecture, Marc Angélil y otros / Restaurante Hof Weissbad, Appenzell, Suiza. p.162
505 0 _aCAJA ENVOLVENTE - MÉXICO
505 0 _aRojkind arquitectos, Michel Rojkind con Derek Dellekamp / Oficinas Falcón, Colonia Campestre Tlacopac,México, 2004. p. 168
505 0 _tACAMPANDO EN NUEVA
505 0 _aMauro Bernardini y Cecilia Timossi / Tramando New York, Little 12th West, 32/36, Nueva York, EE.UU, 2005. p.172
505 0 _tDILUYENDO EL BORDE - BUENOS AIRES
505 0 _aMathias Klotz y Edgardo Minond / Local María Cher, El Salvador 4724, Palermo Viejo, Buenos Aires, Argentina, 2006. p. 174
505 0 _aFlorencia Rodríguez / Paraíso latinoamericano. El otro Loos. p.178
505 0 _aRafael E. J. Iglesia / Poéticas y Museos. p. 184
505 0 _aRoberto Fernández / BIG JIM. p. 186
505 0 _aMario Sabugo / Vieja y nueva geografía de Buenos Aires. p.188
505 0 _tPOST-SCRIPTUM
505 0 _aFlávio Kiefer / La ciudad prescindible. p. 191
600 7 _92384
_aEisenman, Peter
_d1932-
600 0 _aNiemeyer, Oscar,
_d1907-2012
_93376
610 0 _98926
_aMVRDV Arquitectos
650 _aArquitectura contemporánea
650 _aArquitectura religiosa
_91182
653 _aMemorial
773 0 _aSumma+
_dBuenos Aires, Argentina
_gNº81 (ago-2006), p.192
_x0327-9022
908 _aImp
942 _2udc
_cART
945 _d2022-07-08
980 _6138
_aCarolina Rainero
_85
_gMaría Machado
999 _c12045
_d12045